000 00383nam a22001457a 4500
008 220216b ||||| |||| 00| 0 eng d
082 _a954
_bDAP
100 _aDabas Bal Kishan
245 _aPolitical and Social History of the Jats
_cBy Bal Kishan Dabas
260 _aNew Delhi
_bSanjay Prakashan
_c2001
300 _a291p.
650 _aHISTORY
942 _cBK
999 _c41901
_d41901
041 _aeng